Исследование влияния надрезов на механические характеристики разрушения серого чугуна при статическом сжатии; Известия Томского политехнического института [Известия ТПИ]; Т. 114
| Parent link: | Известия Томского политехнического института [Известия ТПИ]/ Томский политехнический институт (ТПИ).— , 1944-1976 Т. 114.— 1964.— [С. 123-127] |
|---|---|
| 1. Verfasser: | |
| Weitere Verfasser: | |
| Zusammenfassung: | Заглавие с титульного листа Электронная версия печатной публикации |
| Sprache: | Russisch |
| Veröffentlicht: |
1964
|
| Schlagworte: | |
| Online-Zugang: | Черно-белая версия для предварительного просмотра Цветная версия без потери качества |
| Format: | MixedMaterials Elektronisch Buchkapitel |
| KOHA link: | https://koha.lib.tpu.ru/cgi-bin/koha/opac-detail.pl?biblionumber=202765 |
MARC
| LEADER | 00000nla2a2200000 4500 | ||
|---|---|---|---|
| 001 | 202765 | ||
| 005 | 20231101225118.0 | ||
| 035 | |a (RuTPU)RU\TPU\book\220957 | ||
| 035 | |a RU\TPU\book\220956 | ||
| 090 | |a 202765 | ||
| 100 | |a 20111020d1964 k y0rusy50 ca | ||
| 101 | 0 | |a rus | |
| 102 | |a RU | ||
| 135 | |a drnn ---uucaa | ||
| 181 | 0 | |a i | |
| 182 | 0 | |a b | |
| 200 | 1 | |a Исследование влияния надрезов на механические характеристики разрушения серого чугуна при статическом сжатии |b Электронный ресурс |f Л. М. Седоков, В. И. Максак | |
| 203 | |a Текст |c электронный | ||
| 215 | |a 2 файла (214 Кб, 6.5 Мб) | ||
| 230 | |a Электронные текстовые данные (2 файла : 214 Кб, 6.5 Мб) | ||
| 300 | |a Заглавие с титульного листа | ||
| 300 | |a Электронная версия печатной публикации | ||
| 320 | |a [Библиогр.: с. 127 (2 назв.)] | ||
| 337 | |a Adobe Reader | ||
| 461 | 1 | |0 (RuTPU)RU\TPU\book\200995 |t Известия Томского политехнического института [Известия ТПИ] |f Томский политехнический институт (ТПИ) |d 1944-1976 | |
| 463 | 1 | |0 (RuTPU)RU\TPU\book\220931 |t Т. 114 |v [С. 123-127] |d 1964 |p 216 с. | |
| 610 | 1 | |a электронный ресурс | |
| 610 | 1 | |a труды учёных ТПУ | |
| 700 | 1 | |a Седоков |b Л. М. |c доктор технических наук |c ведущий учёный в области резания металлов |f 1918-1998 |g Лев Михайлович |2 stltpush |3 (RuTPU)RU\TPU\pers\25100 |9 11205 | |
| 701 | 1 | |a Максак |b В. И. |c российский ученый, физик |c профессор кафедры сопротивления материалов Томского политехнического университета |f 1936- |g Владислав Иванович |2 stltpush |3 (RuTPU)RU\TPU\pers\19836 | |
| 801 | 1 | |a RU |b 63413507 |c 20090320 |g PSBO | |
| 801 | 2 | |a RU |b 63413507 |c 20111120 |g PSBO | |
| 856 | 4 | |u http://www.lib.tpu.ru/fulltext/v/Bulletin_TPU/1964/v114/22_bw.pdf |z Черно-белая версия для предварительного просмотра | |
| 856 | 4 | |u http://www.lib.tpu.ru/fulltext/v/Bulletin_TPU/1964/v114/22_full.pdf |z Цветная версия без потери качества | |
| 942 | |c CF | ||